Foods beginning with K - Statistics

General Stats
  • This quiz has been taken 163 times
  • The average score is 4 of 6
Answer Stats
Picture Answer % Correct
Kiwi
99%
Kale
89%
Key lime
73%
Key lime pie
59%
Kimchi
53%
Kosher salt
13%
No matching quizzes found
Score Distribution
Percent of People with Each Score
Percentile by Number Answered
Your Score History
You have not taken this quiz